[Event "15th HZ Open"]
[Site "Vlissingen NED"]
[Date "2011.08.03"]
[Round "6"]
[White "Tiggelman, Rene"]
[Black "Hylkema, Remco"]
[Result "0-1"]
[WhiteElo "2233"]
[BlackElo "2039"]
[WhiteFideId "1006185"]
[BlackFideId "1018302"]
[EventDate "2011.07.30"]

1. d4 d5 2. Nf3 Nf6 3. c4 c6 4. Qc2 dxc4 5. Qxc4 Bf5 6. g3 e6 7. Bg2 Nbd7 8. O-O
Be7 9. Nc3 O-O 10. e3 Ne4 11. Nd2 Nxd2 12. Bxd2 e5 13. d5 Nb6 14. Qb3 Bd3 15.
Rfd1 c5 16. e4 c4 17. Qb5 a6 18. Qa5 Bd6 19. Be3 Bc7 20. Bf1 Nc8 21. Qa4 Bxf1
22. Rxf1 Nd6 23. Qc2 b5 24. a3 Bb6 25. Qe2 Bd4 26. f3 Qb6 27. Rae1 Rfe8 28. Kg2
a5 29. Bc1 b4 30. Na4 Qb5 31. Qd1 b3 32. Nc3 Bxc3 33. bxc3 Rab8 34. Bb2 f6 35.
g4 a4 36. h4 Nb7 37. g5 Nc5 38. gxf6 Nd3 39. f4 gxf6 40. Qg4+ Kh8 41. Qf5 Rg8+
42. Kh2 Qb6 43. fxe5 Nxe1 44. Rxe1 fxe5 45. Bc1 Rg7 46. Bg5 Kg8 47. Rf1 Qg6 48.
Qxe5 Re8 49. Qg3 h6 50. e5 hxg5 51. d6 gxh4 0-1

[Event "15th HZ Open"]
[Site "Vlissingen NED"]
[Date "2011.08.03"]
[Round "6"]
[White "Beijerinck, Nick"]
[Black "Heltzel, Joost"]
[Result "1/2-1/2"]
[BlackTitle "CM"]
[WhiteElo "2052"]
[BlackElo "2225"]
[WhiteFideId "1022768"]
[BlackFideId "1010522"]
[EventDate "2011.07.30"]

1. e4 c6 2. d4 d5 3. Nc3 dxe4 4. Nxe4 Bf5 5. Ng3 Bg6 6. h4 h6 7. Nf3 Nd7 8. Bd3
Bxd3 9. Qxd3 e6 10. Bf4 Qa5+ 11. Bd2 Bb4 12. Ne4 Ngf6 13. Nd6+ Ke7 14. Nc4 Bxd2+
15. Nfxd2 Qa6 16. Qg3 c5 17. dxc5 Nxc5 18. b4 b5 19. Ne5 Ncd7 20. Ndf3 Qb7 21.
O-O-O Nxe5 22. Nxe5 g6 23. Rhe1 Rhd8 24. Qe3 Rxd1+ 25. Rxd1 Rc8 26. Qxh6 Qc7 27.
Nxg6+ fxg6 28. Qg7+ Ke8 29. Qxg6+ Qf7 30. Qd3 Qb7 31. g4 Qe4 32. Qxe4 Nxe4 33.
Re1 Nxf2 34. Rxe6+ Kf7 35. Ra6 Rc7 36. Ra5 Nd3+ 37. Kb1 Nxb4 38. Rxb5 Nxc2 39.
Rf5+ Kg7 40. h5 Ne3 41. Re5 Rb7+ 42. Kc1 Rc7+ 43. Kb1 Rb7+ 44. Kc1 1/2-1/2

[Event "15th HZ Open"]
[Site "Vlissingen NED"]
[Date "2011.08.03"]
[Round "6"]
[White "Van Midde, Jon"]
[Black "Hamelink, Desiree"]
[Result "0-1"]
[BlackTitle "WIM"]
[WhiteElo "1993"]
[BlackElo "2220"]
[WhiteFideId "1013033"]
[BlackFideId "1006258"]
[EventDate "2011.07.30"]

1. e4 c5 2. Nf3 e6 3. d4 cxd4 4. Nxd4 a6 5. Bd3 b5 6. O-O Bb7 7. Qe2 Qc7 8. Bg5
Bc5 9. c3 Nc6 10. Be3 Be7 11. Nd2 Nf6 12. f4 d6 13. Rac1 h5 14. N2b3 Ng4 15. Bd2
e5 16. Nf5 Bf6 17. c4 bxc4 18. Bxc4 g6 19. Ne3 Nxe3 20. Bxe3 O-O 21. f5 Kg7 22.
Qd2 Kh7 23. Bd5 Qd7 24. Bh6 Bg7 25. Bxg7 Kxg7 26. f6+ Kh7 27. h3 Nd8 28. Bxb7
Nxb7 29. Rf5 Rg8 30. Rcf1 gxf5 31. Rxf5 Rg6 32. Rxh5+ Kg8 33. Rf5 Qe6 34. Qf2
Rc8 35. h4 Kf8 36. h5 Rg8 37. h6 Ke8 38. Qb6 Nc5 39. Nd2 d5 40. Qxe6+ Nxe6 41.
exd5 Rc1+ 42. Kh2 Nf4 43. Rxe5+ Kd8 44. g3 Rc2 0-1

[Event "15th HZ Open"]
[Site "Vlissingen NED"]
[Date "2011.08.03"]
[Round "6"]
[White "Nabuurs, Joep"]
[Black "Etxagibel Larranaga, Asier"]
[Result "1/2-1/2"]
[WhiteElo "2218"]
[BlackElo "2017"]
[WhiteFideId "1020013"]
[BlackFideId "2204797"]
[EventDate "2011.07.30"]

1. e4 c5 2. Nf3 d6 3. d4 cxd4 4. Nxd4 Nf6 5. Nc3 g6 6. Be3 Bg7 7. f3 a6 8. Qd2
Nbd7 9. Bc4 Qc7 10. Bb3 h6 11. O-O Ne5 12. a4 Nc4 13. Bxc4 Qxc4 14. a5 Bd7 15.
b3 Qc7 16. Nd5 Nxd5 17. exd5 h5 18. c4 O-O 19. Bh6 b5 20. axb6 Qxb6 21. Bxg7
Kxg7 22. Kh1 e5 23. dxe6 fxe6 24. b4 e5 25. Nc2 Be6 26. Ne3 Rf4 27. Rfc1 Rd4 28.
Qc3 Rc8 1/2-1/2

[Event "15th HZ Open"]
[Site "Vlissingen NED"]
[Date "2011.08.03"]
[Round "6"]
[White "Colijn, Erik-Jan"]
[Black "Meurs, Tom"]
[Result "0-1"]
[WhiteElo "1961"]
[BlackElo "2217"]
[WhiteFideId "1024760"]
[BlackFideId "1021176"]
[EventDate "2011.07.30"]

1. e4 e5 2. Nf3 Nc6 3. Bb5 a6 4. Bxc6 dxc6 5. O-O Bg4 6. d3 Qf6 7. Be3 c5 8.
Nbd2 Bd6 9. h3 Bh5 10. Qc1 Ne7 11. Nh2 Nc6 12. Nb3 Nd4 13. Nxd4 cxd4 14. Bg5 Qe6
15. f4 exf4 16. Bxf4 O-O-O 17. Bxd6 Rxd6 18. Qg5 Bg6 19. Qg4 Re8 20. Rf2 Rb6 21.
b3 Qxg4 22. Nxg4 a5 23. a4 Kd7 24. Nh2 Kd6 25. Nf3 Kc5 26. Nh4 f6 27. Nf5 Bxf5
28. Rxf5+ Re5 29. Rf2 Kb4 30. Kf1 Kc3 31. Rb1 g6 32. g4 Rc5 33. Ke1 h5 34. Kd1
hxg4 35. hxg4 Rg5 36. Rf4 c5 37. Kc1 f5 38. b4 c4 39. exf5 gxf5 40. Rxf5 Rxf5
41. gxf5 Rh6 0-1

[Event "15th HZ Open"]
[Site "Vlissingen NED"]
[Date "2011.08.03"]
[Round "6"]
[White "Van Den Berg, Bram"]
[Black "Albrecht, Alex"]
[Result "1-0"]
[WhiteElo "2206"]
[BlackElo "1939"]
[WhiteFideId "1008684"]
[BlackFideId "1013580"]
[EventDate "2011.07.30"]

1. e4 e6 2. d4 d5 3. e5 c5 4. c3 Qb6 5. Nf3 Bd7 6. Be2 Bb5 7. O-O Bxe2 8. Qxe2
Qa6 9. Qc2 Nc6 10. dxc5 Bxc5 11. b4 Be7 12. a4 Qb6 13. a5 Qc7 14. a6 b6 15. Qe2
Qd7 16. Na3 f6 17. Re1 Nxe5 18. Nxe5 fxe5 19. Qxe5 Bf6 20. Qxe6+ Qxe6 21. Rxe6+
Kf7 22. Re3 d4 23. cxd4 Bxd4 24. Rf3+ Nf6 25. Rb1 Rhe8 26. Bf4 Re2 27. Nb5 Rb2
28. Rxb2 Bxb2 29. h3 Kg6 30. Rb3 Nd5 31. Rxb2 Nxf4 32. Rd2 1-0

[Event "15th HZ Open"]
[Site "Vlissingen NED"]
[Date "2011.08.03"]
[Round "6"]
[White "Onrust, Benny"]
[Black "Duchene, Rene"]
[Result "0-1"]
[WhiteElo "1957"]
[BlackElo "2206"]
[WhiteFideId "1025902"]
[BlackFideId "1006304"]
[EventDate "2011.07.30"]

1. e4 e6 2. d4 d5 3. exd5 exd5 4. Nf3 c6 5. Bd3 Bd6 6. O-O Ne7 7. h3 O-O 8. Nc3
Bf5 9. Re1 Bxd3 10. Qxd3 Nd7 11. Bd2 Ng6 12. Qf5 Nb6 13. Ne5 Bxe5 14. dxe5 Nc4
15. Bf4 Nxb2 16. Ne2 Nc4 17. Ng3 Qc8 18. Qxc8 Raxc8 19. Be3 b6 20. f4 Nxe3 21.
Rxe3 Nxf4 22. Nf5 Rc7 23. a4 Re8 24. h4 h5 25. g3 Ne6 26. c3 Nc5 27. Nd4 Ne4 0-1

[Event "15th HZ Open"]
[Site "Vlissingen NED"]
[Date "2011.08.03"]
[Round "6"]
[White "Aben, Paul"]
[Black "Nieuwelink, Kees"]
[Result "0-1"]
[WhiteElo "1939"]
[BlackElo "2177"]
[WhiteFideId "1029495"]
[BlackFideId "1003216"]
[EventDate "2011.07.30"]

1. c4 f5 2. g3 Nf6 3. Bg2 g6 4. Nc3 Bg7 5. d3 d6 6. e4 e5 7. Nge2 O-O 8. O-O c6
9. exf5 gxf5 10. d4 Be6 11. d5 Bf7 12. dxc6 bxc6 13. b3 Qd7 14. Ba3 Rd8 15. Qd2
Na6 16. Rad1 Ne8 17. f4 e4 18. Bh3 Be6 19. Nd4 Nc5 20. Nxe6 Qxe6 21. Ne2 Nd3 22.
Nc1 Nxc1 23. Qxc1 d5 24. cxd5 cxd5 25. Bb2 Rac8 26. Qa1 e3 27. Rfe1 e2 28. Rc1
Qe3+ 29. Kh1 Bxb2 30. Qxb2 Rxc1 31. Qxc1 Qxc1 32. Rxc1 d4 0-1

[Event "15th HZ Open"]
[Site "Vlissingen NED"]
[Date "2011.08.03"]
[Round "6"]
[White "Bijlsma, Nick"]
[Black "Oosterman, Maarten-Jan"]
[Result "1-0"]
[WhiteElo "2174"]
[BlackElo "1992"]
[WhiteFideId "1007041"]
[BlackFideId "1025929"]
[EventDate "2011.07.30"]

1. e4 c6 2. c4 d5 3. exd5 cxd5 4. d4 Nf6 5. Nc3 g6 6. cxd5 Bg7 7. Bb5+ Nbd7 8.
d6 exd6 9. Qe2+ Qe7 10. Bf4 Qxe2+ 11. Bxe2 Ke7 12. Bf3 Nb6 13. Nge2 Bg4 14. Bxb7
Rab8 15. Be4 Bxe2 16. Kxe2 Na4 17. Nxa4 Nxe4 18. Rac1 Kd7 19. Be3 Rhe8 20. b3 f5
21. g3 g5 22. Kf3 Rb4 23. Rhd1 h5 24. Kg2 f4 25. gxf4 gxf4 26. Bxf4 Rxd4 27. Be3
Rxd1 28. Rxd1 a6 29. Rd5 Re5 30. Rxe5 Bxe5 31. f4 Bf6 32. Kf3 d5 33. Nc5+ Nxc5
34. Bxc5 Kc6 35. Bf8 Kb5 36. Ke3 Kc6 37. Kd3 Kb5 38. Bd6 Kc6 39. Be5 Bh4 40. f5
Bf2 41. Bd4 Bh4 42. b4 Be7 43. Bg7 1-0

[Event "15th HZ Open"]
[Site "Vlissingen NED"]
[Date "2011.08.03"]
[Round "6"]
[White "Padurariu, Ioana-Smaranda"]
[Black "Frost, Peter"]
[Result "1-0"]
[WhiteTitle "WIM"]
[WhiteElo "2164"]
[BlackElo "1940"]
[WhiteFideId "1210947"]
[BlackFideId "3204634"]
[EventDate "2011.07.30"]

1. e4 e6 2. d4 d5 3. Nc3 Bb4 4. e5 c5 5. a3 Bxc3+ 6. bxc3 Ne7 7. Qg4 Qc7 8. Bd3
cxd4 9. Ne2 dxc3 10. Qxg7 Rg8 11. Qxh7 Nbc6 12. h4 Bd7 13. Bf4 O-O-O 14. Qxf7
Rdf8 15. Qh5 Be8 16. Qh6 Bd7 17. Bg3 Nf5 18. Bxf5 Rxf5 19. Qe3 b6 20. Qxc3 Rxg3
21. Qxg3 Rxe5 22. Kf1 Na5 23. Nd4 Nc4 24. Nf3 Rf5 25. Qxc7+ Kxc7 26. h5 Bb5 27.
Nd4 1-0

[Event "15th HZ Open"]
[Site "Vlissingen NED"]
[Date "2011.08.03"]
[Round "6"]
[White "Laarhoven, Thijs"]
[Black "Van Veen, Maarten"]
[Result "1/2-1/2"]
[WhiteElo "2228"]
[BlackElo "1910"]
[WhiteFideId "1021265"]
[BlackFideId "1027751"]
[EventDate "2011.07.30"]

1. e4 c5 2. Nf3 Nc6 3. d4 cxd4 4. Nxd4 g6 5. c4 Bg7 6. Nc2 d6 7. Be2 Nf6 8. Nc3
Nd7 9. O-O O-O 10. Be3 a5 11. Qd2 Re8 12. b3 Nc5 13. f3 f5 14. Rad1 fxe4 15.
Nxe4 Nxe4 16. fxe4 Be6 17. Ne1 Ne5 18. Nf3 Nxf3+ 19. gxf3 Qc7 20. a4 Rf8 21. f4
Rf7 22. f5 gxf5 23. Bh5 fxe4 24. Bxf7+ Bxf7 25. Rf4 Qc6 26. Qg2 Bg6 27. Qg4 Qc8
28. Qh4 Qe6 29. Rdf1 Rf8 30. Rxf8+ Bxf8 31. Bh6 Bg7 32. Qf4 Qf6 33. Bxg7 Qxf4
34. Rxf4 Kxg7 35. Kf1 e6 36. Ke2 Bf5 37. Ke3 Kf6 38. Rf1 Ke5 39. Rd1 b6 40. b4
axb4 41. Rb1 d5 42. cxd5 exd5 43. Rxb4 Bd7 44. Rxb6 d4+ 45. Ke2 Bxa4 46. Rh6 e3
47. Rxh7 Bb5+ 48. Ke1 Ke4 49. Rh4+ Kd3 50. Rh5 Bc4 51. Re5 Kc3 52. h4 Bf7 53.
Rc5+ Kd3 54. h5 Ke4 55. Rg5 d3 56. Rg4+ Kf3 57. Rd4 d2+ 58. Rxd2 exd2+ 59. Kxd2 1/2-1/2

[Event "15th HZ Open"]
[Site "Vlissingen NED"]
[Date "2011.08.03"]
[Round "6"]
[White "Hekhuis, Jeroen"]
[Black "Olabe Odriozola, Eduardo"]
[Result "0-1"]
[WhiteElo "2117"]
[BlackElo "1900"]
[WhiteFideId "1011669"]
[BlackFideId "2211980"]
[EventDate "2011.07.30"]

1. c4 e5 2. g3 Bc5 3. Bg2 Nc6 4. Nc3 d6 5. Nf3 Bg4 6. Na4 f5 7. Nxc5 dxc5 8. d3
Nf6 9. O-O Qd6 10. b3 Rd8 11. h3 Bxf3 12. Bxf3 e4 13. Bg2 exd3 14. exd3 O-O 15.
Bf4 Qd7 16. Re1 Nb4 17. Re2 Nxd3 18. Rd2 Ne4 19. Bxc7 Ndxf2 20. Rxf2 Nxf2 21.
Qd5+ Qxd5 22. Bxd5+ Rxd5 23. cxd5 Nxh3+ 24. Kg2 Ng5 25. Re1 Ne4 26. d6 Rf7 27.
g4 g6 28. gxf5 gxf5 29. Rd1 Rd7 30. Rd5 Kf7 31. Rxf5+ Ke6 32. Rh5 b6 33. Rh6+
Kd5 34. Kf3 Nc3 35. Rh2 Kc6 36. a4 Nd5 37. Bb8 Rb7 0-1

[Event "15th HZ Open"]
[Site "Vlissingen NED"]
[Date "2011.08.03"]
[Round "6"]
[White "Westerweele, Maarten"]
[Black "Hoffman, Ron"]
[Result "0-1"]
[WhiteElo "1905"]
[BlackElo "2106"]
[WhiteFideId "1011774"]
[BlackFideId "1007599"]
[EventDate "2011.07.30"]

1. e4 c5 2. c3 d6 3. d4 Nf6 4. Bd3 g6 5. Ne2 Bg7 6. O-O e5 7. dxc5 dxc5 8. Na3
O-O 9. h3 Nc6 10. Be3 Qe7 11. Ng3 a6 12. Nc4 Be6 13. Nb6 Rad8 14. Qe2 h5 15.
Rfd1 h4 16. Nf1 Nh5 17. Bc4 Nf4 18. Bxf4 exf4 19. Bxe6 Qxe6 20. f3 Ne7 21. Na4
Qc6 22. b3 b5 23. Nb2 Bxc3 24. Rac1 Bd4+ 25. Kh1 g5 26. Nd3 Qb6 27. Nh2 Rfe8 28.
Qc2 Be3 29. Rb1 f5 30. Ne5 Qe6 31. Nd3 Qb6 32. Ne5 Qe6 33. Nd3 Rc8 34. Ne1 fxe4
35. fxe4 Ng6 36. Ng4 Bd4 37. Nf3 Qxe4 38. Qxe4 Rxe4 39. Nxg5 Re2 40. Nf3 Bg7 41.
Rd6 Ne7 42. Nxh4 Rc6 43. Rd8+ Kf7 44. Rf1 c4 45. Rxf4+ Ke6 46. Nf3 Nf5 47. Ng5+
Ke7 48. Ra8 Re1+ 49. Kh2 Be5 50. Nxe5 Rxe5 51. Nf3 Rd5 52. Rxf5 Rxf5 53. Nd4
Rfc5 54. Nxc6+ Rxc6 55. bxc4 bxc4 56. Rb8 c3 57. Rb1 c2 58. Rc1 Ke6 59. Kg1 Ke5
60. Kf2 Kd4 61. Ke2 Kc3 62. Rf1 Re6+ 0-1